<?xml version="1.0" encoding="UTF-8"?>
<resp>
  <nextPage>https://data.bn.org.pl/api/networks/bibs.marcxml?marc=001+b00001150003343&amp;sinceId=1150003344</nextPage>
  <collection>
    <record xmlns='http://www.loc.gov/MARC21/slim'><leader>01010namZa2200325ZiZ4500</leader><controlfield tag='001'>b00001150003343</controlfield><controlfield tag='005'>20241203215324.1</controlfield><controlfield tag='008'>230609s        pl           |000 0 pol c</controlfield><controlfield tag='009'>9913262154805606</controlfield><datafield ind1=' ' ind2=' ' tag='020'><subfield code='a'>8387316369</subfield></datafield><datafield ind1=' ' ind2=' ' tag='020'><subfield code='a'>8390971453</subfield></datafield><datafield ind1=' ' ind2=' ' tag='035'><subfield code='a'>KR_1KR_1_20120317235422090963-48omnis_kr</subfield></datafield><datafield ind1=' ' ind2=' ' tag='035'><subfield code='a'>KR_1_20120317235422090963</subfield><subfield code='9'>ExL</subfield></datafield><datafield ind1=' ' ind2=' ' tag='035'><subfield code='a'>(PL)b00001150003343</subfield></datafield><datafield ind1=' ' ind2=' ' tag='040'><subfield code='a'>KR_1</subfield><subfield code='c'>KR_1</subfield></datafield><datafield ind1='1' ind2=' ' tag='041'><subfield code='a'>pol</subfield><subfield code='h'>eng</subfield></datafield><datafield ind1='1' ind2=' ' tag='100'><subfield code='a'>Hugo, Victor</subfield><subfield code='d'>(1802-1885)</subfield></datafield><datafield ind1='1' ind2='0' tag='245'><subfield code='a'>Terier z Notre Dame /</subfield><subfield code='c'>powieść Wiktora Hugo opowiedziana przez Michaela Jana Friedmana ; [tł. Jolanta Kubiak].</subfield></datafield><datafield ind1=' ' ind2=' ' tag='260'><subfield code='a'>Gdańsk :</subfield><subfield code='b'>&quot;Jednorożec&quot;,</subfield><subfield code='c'>[2000].</subfield></datafield><datafield ind1=' ' ind2=' ' tag='300'><subfield code='a'>118 s. :</subfield><subfield code='b'>il. ;</subfield><subfield code='c'>21 cm.</subfield></datafield><datafield ind1='1' ind2=' ' tag='490'><subfield code='a'>Wishbone</subfield></datafield><datafield ind1=' ' ind2=' ' tag='500'><subfield code='a'>d</subfield></datafield><datafield ind1='1' ind2=' ' tag='700'><subfield code='a'>Kubiak, Jolanta</subfield><subfield code='e'>Tł.</subfield></datafield><datafield ind1=' ' ind2=' ' tag='852'><subfield code='b'>48OMNIS_NETWORK</subfield><subfield code='8'>9913262154805606</subfield></datafield><datafield ind1=' ' ind2=' ' tag='852'><subfield code='b'>48OMNIS_KR</subfield><subfield code='8'>991000033419708216</subfield></datafield><datafield ind1=' ' ind2=' ' tag='920'><subfield code='a'>83-909714-5-3</subfield></datafield><datafield ind1=' ' ind2=' ' tag='920'><subfield code='a'>83-87316-36-9</subfield></datafield></record>
  </collection>
</resp>
